000 01409nas1a22003251i 4500
001 RU\NLR\Per\529141
005 20240921071100.0
035 _a(NLR Aleph) 002760271
090 _a2224922
_c2224922
100 _a20080313a20079999|||y0rusy50 ca
101 0 _arus
102 _aRU
110 _aaf|||||||||
200 1 _aФинансы и учет в жилищно-коммунальном хозяйстве
210 _aМосква
_cЦентр муниципальной экономики и права
_d2007 -
517 1 _aФинансы и учет в ЖКХ
_zrus
606 1 _aЖилищное хозяйство
_jПериодические издания
_xФинансы
_yРоссийская Федерация
_92310699
_3RU\NLR\AUTH\661382941
606 1 _aЖилищное хозяйство
_jПериодические издания
_xБухгалтерский учет
_91072050
_3RU\NLR\AUTH\66417618
686 1 _aУ44(2)12-93я54
686 1 _aУ052.9(2)244.12я54
801 2 _aRU
_bNLR
_c20080319
_2rusmarc
801 0 _aRU
_bNLR
_gPSBO
801 1 _aRU
_bNLR
_c20080313
_2rusmarc
852 _aNLR
_jП23/6961
942 _cJOURNAL
980 _aRUSPER